Normal view MARC view

Entry Personal Name

Number of records used in: 1

001 - CONTROL NUMBER

  • control field: 8944

003 - CONTROL NUMBER IDENTIFIER

  • control field: DLC

005 - DATE AND TIME OF LATEST TRANSACTION

  • control field: 20220103120614.0

008 - FIXED-LENGTH DATA ELEMENTS

  • fixed length control field: 010608n| azannaabn |n aaa c

010 ## - LIBRARY OF CONGRESS CONTROL NUMBER

  • LC control number: nr2001022420

035 ## - SYSTEM CONTROL NUMBER

  • System control number: (OCoLC)oca05510929

040 ## - CATALOGING SOURCE

  • Original cataloging agency: UkOxU
  • Language of cataloging: eng
  • Description conventions: rda
  • Transcribing agency: UkOxU
  • Modifying agency: DLC
  • Modifying agency: DNLM
  • Modifying agency: ViFGM

100 1# - HEADING--PERSONAL NAME

  • Personal name: Houck, Max M.

670 ## - SOURCE DATA FOUND

  • Source citation: Mute witnesses, 2001:
  • Information found: t.p. (Max M. Houck) prelims. (FBI Laboratory Trace Evidence Unit, Federal Bureau of Investigation, Washington, DC)

670 ## - SOURCE DATA FOUND

  • Source citation: Fundamentals of forensic science, 2006:
  • Information found: eCIP t.p. (Max Houck; dir., Forensic Science Initiative, West Virginia Univ., Morgantown)

670 ## - SOURCE DATA FOUND

  • Source citation: Forensic engineering, 2017:
  • Information found: title page (Max M. Houck, PhD, FRSC; Managing Director, Forensic & Intelligence Services, LLC, St. Petersburg, FL, USA)

Powered by Koha